Languages Starting with S by Clue - Statistics

General Stats
  • This quiz has been taken 27 times
  • The average score is 11 of 15
Answer Stats
Clue Language % Correct
Central European language closely related to Czech Slovak
96%
The world's second largest native language Spanish
96%
Balkan language that uses both Cyrillic and Latin scripts Serbian
92%
Native language of Alfred Nobel Swedish
92%
Slavic language spoken in Ljubljana Slovene
88%
Cushitic language spoken in the Horn of Africa Somali
85%
East African trade language with words borrowed from Arabic Swahili
81%
Language spoken in Northern Scandinavia Sámi
77%
Polynesian language spoken in a Pacific U.S. territory and the country next to it Samoan
77%
Celtic language still spoken in the Highlands and islands of Scotland Scottish Gaelic
73%
Ancient language that The Vedas were written in this language Sanskrit
69%
Sri Lanka’s majority language Sinhala
62%
Southern African language spoken mainly in Lesotho and parts of South Africa Sotho
58%
West Java’s main language, spoken by millions in Indonesia Sundanese
42%
South Asian language spoken around Pakistan’s Indus River region Sindhi
27%
No matching quizzes found
Score Distribution
Percent of People with Each Score
Percentile by Number Answered
Your Score History
You have not taken this quiz